LEADER 01115nam1 2200361 450 001 990002834390203316 005 20061110104517.0 035 $a000283439 035 $aUSA01000283439 035 $a(ALEPH)000283439USA01 035 $a000283439 100 $a20061110d--------km-y0itay50------ba 101 $aspa 102 $aES 105 $a||||||||001yy 200 1 $aGran Enciclopedia Cervantina 210 $aMadrid$cEditorial Castalia$d[s. d.] 215 $av.$d25 cm 463 \1$1001990002834430203316$12001 $a<> A buen bocado, Aubigné 463 \1$1001990002834490203316$12001 $a<> Auden, Casa de los celos 600 1$aCervantes Saavedra,$bMiguel: de$xEnciclopedia 676 $a863.3 801 0$aIT$bsalbc$gISBD 912 $a990002834390203316 951 $a863.3 GRA$bL.M.$c863 959 $aBK 969 $aUMA 979 $aPAOLA$b90$c20061110$lUSA01$h1034 979 $aPAOLA$b90$c20061110$lUSA01$h1039 979 $aPAOLA$b90$c20061110$lUSA01$h1040 979 $aPAOLA$b90$c20061110$lUSA01$h1045 996 $aGran enciclopedia cervantina$9728057 997 $aUNISA LEADER 00877nam0-22003011i-450- 001 990000152670403321 035 $a000015267 035 $aFED01000015267 035 $a(Aleph)000015267FED01 035 $a000015267 100 $a20011111d--------km-y0itay50------ba 101 0 $aita 105 $ay-------001yy 200 1 $a<>archivio della Sorima$fCarlo De Risio. 210 $aRoma$cRivista marittima$d1994 215 $a92 p.$cill.$d24 cm 300 $aSuppl. a: Rivista marittima, n. 7, luglio 1994 610 0 $aGenova$aSocietà Ricuperi Marittimi$aAttività$a1926$a1960 676 $a338.476 238 700 1$aDe Risio,$bCarlo$09392 801 0$aIT$bUNINA$gRICA$2UNIMARC 901 $aBK 912 $a990000152670403321 952 $a13 E 72 21$b7548/2$fFINBC 959 $aFINBC 996 $aArchivio della Sorima$9120186 997 $aUNINA DB $aING01